• 首页
  • 本馆介绍
  • 公告通知
  • 最新文献
  • 馆藏检索
  • 电子资源
  • 读者导购
  • 参考咨询
  • 我的图书馆
  • 登录
  • 详细信息显示
  • 放入我的书架
  • 预约/预借图书
  • 作者相关作品
  • 分类相关作品
  • 丛书相关作品
  • 出版社相关作品

书目信息

  • 表格格式
  • 工作单格式
  • 卡片格式
题名:
小升初获奖作文
    
 
作者: 焦庆锋 编著
分册:  
出版信息: 延吉   延边大学出版社  2015.07
页数: 276页
开本: 24cm
丛书名:
单 册:
中图分类: G624.243
科图分类:
主题词: 作文课--zuo wen ke--小学--升学参考资料
电子资源:
ISBN: 978-7-5634-8118-7
000 00921nam0 2200229 450
001 0104125614
005 20201104125711.0
010    @a978-7-5634-8118-7@dCNY29.80
100    @a20181025e20192015em y0chiy0110 ea
101 0  @achi
102    @aCN@b220000
105    @ay z 000yy
106    @ar
200 1  @a小升初获奖作文@Axiao sheng chu huo jiang zuo wen@f焦庆锋编著
210    @a延吉@c延边大学出版社@d2015.07@h2019.09
215    @a276页@d24cm
330    @a《小升初获奖作文》可以让孩子们知道如何写一篇能够获奖的作文,评委老师是如何评定一篇优秀文章的。我们在每篇作文之后都设计了名师指导模块,它是帮助孩子提高写作成绩的好工具。本书精心设计,名师参与,精选优秀范文,可以帮助孩子轻松掌握写作技巧,相信它可以点燃你的写作热情。
606 0  @a作文课@Azuo wen ke@x小学@j升学参考资料
690    @aG624.243@v5
701  0 @a焦庆锋@Ajiao qing feng@4编著
801  0 @aCN@bBJSZM@c20201104
905    @b1259976-80@dG624.243@e1140@f5
    
    小升初获奖作文/焦庆锋编著.-延吉:延边大学出版社,2015.07(2019.09)
    276页;24cm
    
    
    ISBN 978-7-5634-8118-7:CNY29.80
    《小升初获奖作文》可以让孩子们知道如何写一篇能够获奖的作文,评委老师是如何评定一篇优秀文章的。我们在每篇作文之后都设计了名师指导模块,它是帮助孩子提高写作成绩的好工具。本书精心设计,名师参与,精选优秀范文,可以帮助孩子轻松掌握写作技巧,相信它可以点燃你的写作热情。
●
相关链接 在E读中查询图书 在五车中查询图书 在当当中查询图书 在豆瓣中查询图书


正题名:小升初获奖作文     索取号:G624.243/1140         预约/预借

序号 登录号 条形码 馆藏地/架位号 状态 备注
1 1259976   212599767   第一样本阅览室/ [索取号:G624.243/1140] 在馆    
2 1259977   212599776   教育系资料室/ [索取号:G624.243/1140] 在馆    
3 1259978   212599785   教育系资料室/ [索取号:G624.243/1140] 在馆    
4 1259979   212599794   第四借阅区/ [索取号:G624.243/1140] 在馆    
5 1259980   212599801   第四借阅区/ [索取号:G624.243/1140] 在馆    
唐山师范学院图书馆 欢迎您!
大连网信软件有限公司© 版权所有